1095 1496 1234 1149 1916 1446 1709 1996 1127 1652 1974 1296 1081 1061 1946 1921 1584 1032 1240 1478 1041 1670 1152 1661 1265 1327 1392 1175 1002 1082 1632 1989 1420 1034 1203 1815 1436 1995 1150 1868 1970 1654 1819 1835 1065 1769 1921 1915 1779 1001 1462 1226 1301 1486 1877 1867 1549 1207 1349 1189 1960 1112 1715 1221 1977 1475 1038 1336 1922 1790 1176 1644 1176 1093 1893 1940 1239 1732 1079 1449 1175 1495 1626 1553 1655 1346 2000 1556 1841 1701 1931 1584 1693 1125 1269 1830 1498 1658 1156 BCNSPRNW ULIB Ver.6.0+V

เปลี่ยนเป็นภาษาไทย

Change to English
 แสดงรายละเอียดบรรณานุกรม
  กลับหน้าหลัก

Brief Record : Get Marc (ISO 2709) : E-mail record : QR code < ปิดหน้าต่าง
LEADER : 00000nam 2200000uu 4500
001    13399120908
003     ULIB
008    121024s2545||||th 000 0 tha d
020    ^a9749003330
060  4 ^aWM430.5^bอ833จ
100 0  ^aอุมาพร ตรังคสมบัติ
245 10 ^aจิตวิทยาชีวิตคู่และการบำบัดคู่สมรส =^bThe psychology ofmarriage and marital therapy /^cอุมาพร ตรังคสมบัติ
246 31 ^aThe psychology of marriage and marital therapy
250    ^aพิมพ์ครั้งที่ 1.
260    ^aกรุงเทพฯ :^bศูนย์วิจัยและพัฒนาครอบครัว,^c2545
300    ^a318 หน้า ;^c25 ซม.
650  2 ^aMarital therapy
650  7 ^aการสมรส
650  7 ^aความสัมพันธ์ในครอบครัว
650  7 ^aจิตวิทยา
945    ^p325^l0^i11911
945    ^p325^l0^i14799
995    ^aทศพร
999    ^aทศพร เกษรทอง
รายการนี้ยังไม่มีแท็ก
คุณยังไม่ได้ล็อกอิน คุณสามารถมีกิจกรรมร่วมกับเว็บไซต์ได้ แต่ต้องล็อกอินก่อน ::
  ล็อกอิน

รายการสื่อสารสนเทศ

ลำดับที่ ประเภท เลขเรียก/บาร์โค้ด สถานที่ สถานะ
1. วิทยาศาสตร์การแพทย์ และสุขภาพ
วิทยาศาสตร์การแพทย์ และสุขภาพ
WM430.5 อ833จ  
  Barcode: 14799
ห้องสมุดวิทยาเขตสวรรค์ประชารักษ์
►หนังสือทั่วไป
บนชั้น
2. วิทยาศาสตร์การแพทย์ และสุขภาพ
วิทยาศาสตร์การแพทย์ และสุขภาพ
WM430.5 อ833จ ฉ.1 
  Barcode: 11911
ห้องสมุดวิทยาเขตสวรรค์ประชารักษ์
►หนังสือทั่วไป
บนชั้น

รายการใกล้เคียง
    ผู้แต่ง [อุมาพร ตรังคสมบัติ]

    หัวเรื่อง [การสมรส]
    หัวเรื่อง [ความสัมพันธ์ในครอบครัว]
    หัวเรื่อง [จิตวิทยา]

BibComment


ยังไม่เคยถูกคอมเมนท์

คอมเมนท์ทรัพยากรรายการนี้
  คอมเมนท์: จิตวิทยาชีวิตคู่..


 Copyright 2026. Bcnsprnw @Library